|
|
|
|
| LEADER |
00000nbm0a2200000 4500 |
| 001 |
152578 |
| 005 |
20240213142621.0 |
| 029 |
0 |
0 |
|a SU
|b 01860021021
|f ТПУ
|
| 035 |
|
|
|a (RuTPU)RU\TPU\book\165434
|
| 090 |
|
|
|a 152578
|
| 100 |
|
|
|a 20090203d1988 k y0rusy50 ca
|
| 101 |
0 |
|
|a rus
|
| 102 |
|
|
|a RU
|
| 105 |
|
|
|a a p 001zy
|
| 200 |
1 |
|
|a Развитие физико - химических основ и теория метода инверсионной вольтамперометрии, разработка методик и аппаратуры контроля высокочистых веществ, полупроводниковых материалов, обЪектов нефтехимии, биологии и медицины
|e промежуточный отчет о НИР
|e Проблема 2.20.4.7.1
|f Томский политехнический институт (ТПИ) ; рук. А. А. Каплин ; исп. Г. Б. Слепченко
|
| 210 |
|
|
|a Томск
|d 1988
|
| 215 |
|
|
|a 59 л.
|
| 320 |
|
|
|a Библиогр.: с. 57 - 59.
|
| 606 |
1 |
|
|a Вольтамперометрия инверсионная
|2 stltpush
|3 (RuTPU)RU\TPU\subj\72717
|9 86121
|
| 610 |
1 |
|
|a физико-химические основы
|
| 610 |
1 |
|
|a высокочистые вещества
|
| 610 |
1 |
|
|a полупроводниковые материалы
|
| 610 |
1 |
|
|a нефтехимия
|
| 610 |
1 |
|
|a биология
|
| 610 |
1 |
|
|a медицина
|
| 610 |
1 |
|
|a анализ
|
| 610 |
1 |
|
|a примеси
|
| 610 |
1 |
|
|a электродные процессы
|
| 610 |
1 |
|
|a отчеты о НИР
|
| 675 |
|
|
|a 543.552(04)
|v 3
|
| 702 |
|
1 |
|a Каплин
|b А. А.
|c российский химик
|c профессор кафедры аналитической химии Томского политехнического института
|f 1937-1989
|g Анатолий Александрович
|3 (RuTPU)RU\TPU\pers\19797
|4 673
|
| 702 |
|
1 |
|a Слепченко
|b Г. Б.
|c химик
|c профессор Томского политехнического университета, доктор химических наук
|f 1956-
|g Галина Борисовна
|3 (RuTPU)RU\TPU\pers\25643
|4 677
|9 11554
|
| 712 |
0 |
2 |
|a Томский политехнический институт (ТПИ)
|c (1944-1991)
|3 (RuTPU)RU\TPU\col\1123
|4 595
|
| 801 |
|
1 |
|a RU
|b 63413507
|c 20090203
|g PSBO
|
| 801 |
|
2 |
|a RU
|b 63413507
|c 20170522
|g PSBO
|
| 942 |
|
|
|c BK
|